LEADER 01125nam a2200265 a 4500 001 000000123278 003 CaOOAMICUS 005 20101006135628.0 008 101006t2009 it u000 u ita r 020 $a978-88-95612-14-0 040 $aPUL$bita 082 04$a361.3 100 1 $aColuccia, Francesco.$0(OLS)http://pul/name/77581 245 10$aUomini per l'uomo :$bil volontariato: sfida educativa e modello di umanità /$cFrancesco Coluccia. 260 $aBari :$bArti Grafiche Favia,$c©2009. 300 $a90 p. ;$c21 cm 650 4$aVolontariato.$0(OLS)http://pul/subject/19678 850 $aPUL 852 $aPUL$W1$xSL Diritto e Scienze Sociali 3$y79$m361. 3 COLFR 1$j141778$qDDC 21$B140793$CPULBib$Z2$F140793 $H114950 $82 941 1 $a9 996 $6020$a978-88-95612-14-0$9(OLS)http://pul/number/145559 996 $6082$a361.3$9(OLS)http://pul/classification/1660 996 $6245$aUomini per l'uomo :$bil volontariato: sfida educativa e modello di umanità$9(OLS)http://pul/title/155359 996 $6260$aBari :$bArti Grafiche Favia$9(OLS)http://pul/publisher/67804 LEADER 01380nam a2200289 a 4500 001 000000154958 003 CaOOAMICUS 005 20161012112459.0 008 161012s1965 sp u000 u spa r 032 $aLibriCat 040 $aPUL$bita 100 1 $aMartinez Alcaide, José M.,$cO.P.$0(OLS)http://pul/name/98679 245 10$aNaturaleza de la perfeccion cristiana /$cJosé M. Martinez Alcaide, O.P. 260 $aCardedeu (Barcelona) :$b[s.n.],$c1965. 300 $aXIV, 73 p. ;$c24 cm. 500 $aEstratto da: Confer, VI (1965) 63-80, 323-351, VII (1965) 31-54. 500 $aIn testa al front.: Pontificia Studiorum Universitas a S. Thoma Aq. in Urbe. 502 $aEstratto da tesi -- Pontificiam Universitatem S. Thomae de Urbe, Facultate Theologica, 1965. 504 $aBibliografia in nota. 650 4$aPerfezione$xTeologia$xCristianesimo.$0(OLS)http://pul/subject/7051 710 2 $aPontificia Università S. Tommaso.$bFacoltà di teologia.$kTesi.$0(OLS)http://pul/name/81834 850 $aPUL 852 $aPUL$W1$xDP1 Tesi Pon. Univ. S. Tommaso$y44$mTH S.THOM TH337$j178017$qTesi$B181217$CPULBib$Z2$F181217 $H26395 $81 941 1 $a16 996 $6245$aNaturaleza de la perfeccion cristiana$9(OLS)http://pul/title/194593 996 $6260$aCardedeu (Barcelona) :$b[s.n.]$9(OLS)http://pul/publisher/85532